| 000 | 00523nam a22001577a 4500 | ||
|---|---|---|---|
| 003 | MPLRDC | ||
| 005 | 20220104142801.0 | ||
| 008 | 210129b ||||| |||| 00| 0 eng d | ||
| 082 | _a051.4 K1KC v.27 1983 c.2 | ||
| 100 | _a坤成女子中学高中第二十七届毕业特刊筹委会 | ||
| 245 |
_a一九八三年第二十七届高中毕业刊 _c |
||
| 260 |
_a _b坤成女子中学高中第二十七届毕业刊筹委会 _c1983 |
||
| 300 | _b精 | ||
| 650 | _a学术纪要、学刊 | ||
| 942 |
_cBK _o051.4 K1KC v.27 1983 c.2 |
||
| 999 |
_c33677 _d33667 |
||